00498nam a22001697a 4500010001300000035001300013037001800026040001200044082001500056100002900071245005300100260003800153270003200191300002100223650003900244650004500283 aA-221410 aA-221410 bCen Lib / Ret aDPLbEn a551.4bSTR aStrahler, Arthur Newell  aPhysical geography / cby Arthur Newell Strahler aNew YorkbJohn Wiley & Sonsc1975 aJohn Wiley & SonsbNew York a534 pc27cm(PBK) a Physical geography -- Textbooks.  aPhysical geography -- Textbooks -- 1945.